History of the Orient : (Record no. 10339)
[ view plain ]
| 000 -LEADER | |
|---|---|
| fixed length control field | 00610nam a2200193 4500 |
| 003 - CONTROL NUMBER IDENTIFIER | |
| control field | OSt |
| 005 - DATE AND TIME OF LATEST TRANSACTION | |
| control field | 20140310182206.0 |
| 008 - FIXED-LENGTH DATA ELEMENTS--GENERAL INFORMATION | |
| fixed length control field | 130904t xxu||||| |||| 00| 0 eng d |
| 050 ## - LIBRARY OF CONGRESS CALL NUMBER | |
| Classification number | DS 511 |
| Item number | . L46 1966 |
| 082 ## - DEWEY DECIMAL CLASSIFICATION NUMBER | |
| Classification number | HS 950 |
| Item number | Le 55 1966 |
| 100 ## - MAIN ENTRY--PERSONAL NAME | |
| Personal name | Leogardo Felicitas Tensuan |
| 9 (RLIN) | 16497 |
| 245 ## - TITLE STATEMENT | |
| Title | History of the Orient : |
| Remainder of title | A brief history of the far east / |
| Statement of responsibility, etc | Felicitas Tensuan-Leogardo, |
| 250 ## - EDITION STATEMENT | |
| Edition statement | New Ed. |
| 260 ## - PUBLICATION, DISTRIBUTION, ETC. (IMPRINT) | |
| Place of publication, distribution, etc | Manila, Philippines : |
| Name of publisher, distributor, etc | Philippine Book Co, |
| Date of publication, distribution, etc | 1966. |
| 300 ## - PHYSICAL DESCRIPTION | |
| Extent | 363p. : |
| Other physical details | ill. ; |
| Dimensions | 22cm. |
| 650 ## - SUBJECT ADDED ENTRY--TOPICAL TERM | |
| Topical term or geographic name as entry element | History |
| General subdivision | Philippines |
| 9 (RLIN) | 16499 |
| 942 ## - ADDED ENTRY ELEMENTS (KOHA) | |
| Source of classification or shelving scheme | Library of Congress Classification |
| Koha item type | |
| Withdrawn status | Lost status | Source of classification or shelving scheme | Damaged status | Home library | Current library | Shelving location | Date acquired | Total Checkouts | Total Renewals | Full call number | Barcode | Date last seen | Date checked out | Copy number | Price effective from | Koha item type |
|---|---|---|---|---|---|---|---|---|---|---|---|---|---|---|---|---|
| Library of Congress Classification | Luxembourg Library | Luxembourg Library | High School Section | 09/04/2013 | 1 | 1 | DS 511 .L46 1966 | 7963 | 01/06/2016 | 07/08/2014 | 1 | 09/04/2013 | Books |